Talking of Gandhiji / (Record no. 11140)
[ view plain ]
| 000 -LEADER | |
|---|---|
| fixed length control field | 00383cam a2200157ua 4500 |
| 041 ## - LANGUAGE CODE | |
| Language code of text/sound track or separate title | eng |
| 082 ## - DEWEY DECIMAL CLASSIFICATION NUMBER | |
| Classification number | 320.58 |
| Item number | WAT/TA |
| 100 ## - MAIN ENTRY--AUTHOR NAME | |
| Personal name | Watson, Francis . |
| 245 ## - TITLE STATEMENT | |
| Title | Talking of Gandhiji / |
| 260 ## - PUBLICATION, DISTRIBUTION, ETC. (IMPRINT) | |
| Place of publication | Bombay : |
| Name of publisher | Orient-Longman Ltd , |
| Year of publication | 1957. |
| 300 ## - PHYSICAL DESCRIPTION | |
| Number of Pages | 141 ; . |
| 500 ## - GENERAL NOTE | |
| General note | Annex |
| 942 ## - ADDED ENTRY ELEMENTS (KOHA) | |
| Koha item type | Books |
| Withdrawn status | Lost status | Damaged status | Home library | Current library | Date acquired | Full call number | Accession Number | Koha item type |
|---|---|---|---|---|---|---|---|---|
| Withdrawn | KAUAET | Kelappaji | 07/04/2012 | 320.58 | 4066 | Books |
